Colors by Picture (of Their Etymology) - Statistics

General Stats
  • This quiz has been taken 15 times
    13 since last reset
  • The average score is 8 of 15
Answer Stats
Picture Answer % Correct
Gold
100%
Olive
100%
Salmon
100%
Lavender
92%
Sapphire
92%
Turquoise
77%
Coral
62%
Plum
46%
Violet
46%
Scarlet
31%
Fuchsia
15%
Charcoal
8%
Maroon
8%
Beige
0%
Khaki
0%
No matching quizzes found
Score Distribution
Percent of People with Each Score
Percentile by Number Answered
Your Score History
You have not taken this quiz since the last reset